000 00699nam a2200193Ia 4500
003 GCL
008 140319s9999 xx 000 0 ara d
040 _aGCL /
_cGCL
082 0 4 _a624.17
_bع ت
100 1 _aعماد محمد عدنان
245 1 0 _aالتحليل الانشائى لمختلف انواع الطراز والعناصر الانشائية الحاملة /
_cعماد محمد عدنان
300 _a104 ص
490 _aمختصر العلوم الهندسية
_v0
650 0 4 _aالهندسة
650 0 4 _aالهندسة الانشائية
650 0 4 _aالتحليل الانشائى
650 0 4 _aالهندسة الانشائية - تصميمات
942 _2ddc
_cBK
999 _c49874
_d49874